| 000 | 00856nam a2200217 a 4500 | ||
|---|---|---|---|
| 003 | 0 | ||
| 005 | 20250312124258.0 | ||
| 008 | 080725s19uu xx 00 eng d | ||
| 050 |
_aPGS BF 576.E46 _b.M685 2008 |
||
| 100 | _aMizzi, Jennifer. | ||
| 245 |
_aEmotional quotient of students with separated and non- separated parents / _cJennifer Mizzi. |
||
| 260 |
_aLas PiƱas City, Philippines : _bSouthville International School and Colleges, _c2008. |
||
| 300 |
_a23 pages : _billustrations ; _c28 cm. |
||
| 504 | _aIncludes bibliographical references. | ||
| 650 | _aEmotional intelligence in children. | ||
| 650 | _aFamily structure and child development. | ||
| 650 |
_aChildren of divorced parents _vPsychology. |
||
| 650 |
_aParental separation _vEffects on children. |
||
| 650 |
_aEmotional development _vGrade 6 students. |
||
| 942 |
_2lcc _cPASS |
||
| 999 |
_c97944 _d97944 |
||